000 00663nam a2200265Ia 4500
008 210210b2017 xxu||||| |||| 00| 0 eng d
020 _a9789386286475
041 _aeng
082 _a338.954 AGRI
100 _aAGRAWAL (A N)
245 _aIndian economy: problems of development and planning Ed 42
250 _a
260 _aLondon
_bNew Age International (P) Limited Publishers
_c2017
300 _axvi,741+24
650 _aproblems
650 _aplanning
650 _aIndian
650 _aEd
650 _aeconomy:
650 _adevelopment
650 _a42
690 _aIndian Economics
700 _aAGARWAL (M K)
906 _a071743
999 _c121452
_d121452